Ingreso al 3er. ciclo eegb-uns año 2005; lengua /
Guardado en:
| Autor Principal: | |
|---|---|
| Formato: | Libro |
| Publicado: |
Bah¡a Blanca :
Imprenta Uns,
2004
|
| Materias: | |
| Etiquetas: |
Agregar Etiqueta
Sin Etiquetas, Sea el primero en etiquetar este registro!
|
| LEADER | 00539nam a22001815a 4500 | ||
|---|---|---|---|
| 001 | CEM.cems011619 | ||
| 005 | 20060214000000.0 | ||
| 008 | 130507s2004##################000#0#####d | ||
| 003 | CEMS | ||
| 082 | 0 | 4 | |a F468 |
| 100 | 1 | |a Negrín, Marta, Selec. | |
| 245 | 1 | 0 | |a Ingreso al 3er. ciclo eegb-uns año 2005; lengua / |c Marta Negrín |
| 260 | |a Bah¡a Blanca : |b Imprenta Uns, |c 2004 | ||
| 300 | |a 55 p. | ||
| 653 | |a Lengua | ||
| 653 | |a Lengua-ingreso egb3 | ||
| 653 | |a Ingreso egb3-a¥o 2005 | ||
| 859 | |a CEMS |b BIB. CEMS - 11 de abril |h F468 |i 1-3 |p 2062.44 |t Ej.1 | ||
